Estatísticas para Cidades européias por imagem #1

Clique aqui para jogar o quiz

Estatísticas Gerais

  • Esse quiz foi jogado 86 vezes
  • A pontuação média é 6 de 15

Estatísticas das Respostas

Resposta% Correto
Roma
100%
Paris
97%
Barcelona
70%
Berlim
64%
Milão
60%
Budapeste
55%
Praga
49%
Dublin
30%
São Petersburgo
26%
Copenhaga
23%
Munique
22%
Pamplona
16%
Genebra
14%
Turim
8%
Birmingham
1%

Distribuição das Pontuações

Percentil de Números Respondidos

Porcentagem de Pessoas com Cada Pontuação

Sua Pontuação Histórica

Você não jogou esse quiz